000 00331nam a22001457a 4500
005 20160628154050.0
008 160628b xxu||||| |||| 00| 0 eng d
041 _aeng
082 _b10945
100 _aSapre, Late Prof, R.
_93108
245 _aOrganisational Behaviour
260 _bSymbions
_c2004
300 _a211
942 _cBK
999 _c4531
_d4530